000 00331nam a2200133Ia 4500
005 20260328104334.0
008 260328s9999||||xx |||||||||||||| ||und||
100 _aSnape, Steven
245 0 _aAncient Egypt :
_b The Definitive Visual History /
_cSteven Snape
260 _bDK
300 _a400 p.
650 _aEGIPTO
942 _cBK
999 _c11811
_d11811